000 00469nam a2200181Ia 4500
008 230917s9999||||xx |||||||||||||| ||und||
020 _cRS3673
040 _e257560
_aMAIN
041 _aEnglish
082 _a342 W119A(11)
100 _aWade, H W R
245 0 _aAdministrative law
250 _a11th ed.
260 _aOxford
_bOxford University Press
_c2014
300 _axc, 867 p.
500 _a3585 19/08/2019 RBP19/76582 06/09/2019 Main Budget
942 _cBK
999 _c32571
_d32571